000 00329 a2200157 4500
001 151619
040 _cEscola São Tomás de Aquino
100 _aAPPLEGATE, K.A
240 1 0 _aA invasão
_lpor
245 1 0 _aA invasão
300 _a144
362 0 _a2000
440 1 _aRocco
697 _a*LITERATURA JUVENIL
942 _cBK
999 _c151619
_d151619